Vybrané kapitoly ze světové ekonomiky

Saved in:
Bibliographic Details
Format: Book
Language:Czech
Published: Praha VŠE 1992
Edition:1. vyd.
Subjects:
Tags: Add Tag
No Tags, Be the first to tag this record!

MARC

LEADER 00000nam a2200000 4500
001 c001678
005 20221214090924.5
020 |a 80-7079-709-6 
041 0 |a cze 
044 |a CZ 
245 1 0 |a Vybrané kapitoly ze světové ekonomiky 
250 |a 1. vyd. 
264 1 |a Praha  |b VŠE  |c 1992 
300 |a 151 s. 
610 2 0 |a hospodárstvo svetové 
610 2 0 |a vývoj hospodársky 
610 2 0 |a vzťahy hospodárske medzinárodné 
610 2 0 |a systém menový medzinárodný 
610 2 0 |a hospodárstvo trhové 
610 2 0 |a plánovanie 
610 2 0 |a ČSFR 
610 2 0 |a prognózy hospodárske 
610 2 0 |a vzťahy hospodárske vonkajšie 
610 2 0 |a svet